Statistiques concernant Parole Chrome - Ziak

Cliquez ici pour prendre le quiz!

Statistiques générales

  • Ce quiz a été pris 33 fois
  • Le résultat moyen est 318 sur 492

Statistiques - réponses

Parole% Correct
chrome
100%
Chrome
100%
le
100%
tu
100%
chrome ?
95%
Chrome ?
95%
chrome
95%
Chrome
95%
Le
95%
le
95%
Tu
95%
tu
95%
à
91%
a
91%
ta
91%
t'a
91%
veux
91%
veux
86%
assez,
82%
ça
82%
ça,
82%
Ça,
82%
jamais
82%
la
82%
l'a
82%
pas
82%
assez,
77%
jamais
77%
jaune
77%
je
77%
T'as
77%
9.1
73%
doré,
73%
Moi,
73%
moi
73%
que
73%
T'as
73%
t'as
73%
un
73%
de
68%
est
68%
j'ai
68%
on
68%
On
68%
se
68%
et
64%
Et
64%
frappe
64%
mystique
64%
Pour
64%
pour
64%
Sur
64%
sur
64%
Y
64%
y
64%
c'est
59%
c'est,
59%
comme
59%
comment
59%
couper,
59%
couper
59%
du
59%
en
59%
En
59%
ici
59%
Il
59%
l'amnésie
59%
oublié
59%
passé
59%
passé,
59%
plus
59%
qui
59%
ramener
59%
son
59%
stick
59%
taper
59%
temps
59%
toi
59%
TP,
59%
Brésil
55%
Emballé,
55%
J'crois
55%
j'fais
55%
l'argent
55%
"l'argent
55%
marchait
55%
pesé
55%
p'tit
55%
sou
55%
came
50%
chercher,
50%
coke
50%
dans
50%
d'la
50%
doute
50%
d'un
50%
facile" ?
50%
faut
50%
fond
50%
les
50%
périph'
50%
suffit
50%
taule
50%
tout
50%
6,
45%
des
45%
doit
45%
donc
45%
garçon
45%
merde
45%
nuit,
45%
place
45%
poches
45%
risquer
45%
séjour
45%
toute
45%
t'provoquer
45%
tron-pa
45%
baraudé
41%
comprend
41%
crois
41%
démarquer,
41%
encore
41%
épaules
41%
fais
41%
fait
41%
fauve
41%
grand
41%
j'écoute
41%
j'suis
41%
j't'avancerai
41%
maintenant,
41%
mes
41%
qu'on
41%
qu'tu
41%
remplis,
41%
rrain-té,
41%
Si,
41%
si
41%
aime
36%
coffre
36%
format
36%
j'les
36%
jouer
36%
j'vais
36%
puisses
36%
sens
36%
s'étonne
36%
d'amour
32%
j'mets
32%
Journée
32%
j'rentre
32%
l'batiment
32%
porc
32%
produits
32%
t'appelles
32%
vrai
32%
chargée,
27%
démarche
27%
être
27%
grandes
27%
haussmannien
27%
J'roule
27%
J'voulais
27%
là-dedans
27%
métier,
27%
n's'compte
27%
peu
27%
sprawl
27%
très
27%
trompe
27%
viser
27%
Chacun
23%
chacun
23%
chez
23%
d'bien
23%
domaine
23%
l'abdomen
23%
mien,
23%
m'plaquer,
23%
oi-m,
23%
pompes,
23%
veut
23%
J'khalass
18%
l'tas
18%
meilleur
18%
pétou,
18%
toujours
18%
appris
14%
comptables
14%
leurs
14%
Même
14%
j't'avancerais
9%

Distribution des résultats

Percentile par nombre de réponses

% des personnes avec chaque résultat

Votre développement - résultats

Vous n’avez pas pris ce quiz